| 000 | 01599 a2200193 4500 | ||
|---|---|---|---|
| 001 | 39771 | ||
| 005 | 20260407155654.0 | ||
| 008 | 260407a1965 arg spa d | ||
| 003 | AR-UNSa-BCEJYS | ||
| 040 |
_aAR-UNSa-BCEJYS _bspa _cAR-UNSa-BCEJYS |
||
| 080 |
_a913(5/6) _xGeografía de Asia y Africa |
||
| 245 | 1 | 0 |
_aGeografía dinámica _pEuropa y Oceánia |
| 264 | 1 |
_aBuenos Aires : _bKapelusz _c1965 |
|
| 300 |
_a275 p. _c24 cm. |
||
| 505 | _aEuropa: 1. Europa en el Mundo - 2. El relieve - 3. Mares y costas - 4. El clima - 5. Consecuencias del clima: los regímenes fluviales y los dominios vegetales - 6. La población - 7. La economía de Europa - Los países mediterraneo : 8. La península Ibérica - 9. Italia - 10. Albania, Grecia y Turquía europea - Europa del Noroeste: 11. Francia: las regiones - 12. La economía francesa - 13. La Isla Británicas: sus regiones - 14. El Reino Unido : agricultura e industria - 15. El Reino Unido,potencia mundial - 16. Los países bajos - 17. Bélgica y luxemburgo - Europa del Norte : 18. Noruega, Dinamarca, Islandia - 19. Suecia y Finlandia - Europa Central y Danubiana: 20. Alemania: Las regiones - 21. La economía alemana - 22. Los pequeños estados alpinos: Suiza y Austria - 23. Polonia - 24. Checoslovaquía y Hungría - 25. Rumania y Bulgaria - 26. Yugoslavia - Unión Sovietica: 27. Unión Soviética: Los factores naturales - 28. La economía soviética - Oceanía: 29. Oceanía : Australia - 30. Oceanía : Los archipielagos - Vocabulario | ||
| 942 | _cBK | ||
| 590 | _aniveau_biblio:m niveau_hierar:0 | ||
| 100 | 1 | _aPerpillou, Aime Vincent | |
| 999 |
_c3104 _d3104 |
||